| 000 | 00000nam##2200000za#4500 |
| 001 | 9.662147 |
| 003 | CaOODSP |
| 005 | 20210615120412 |
| 007 | ta |
| 008 | 150407|2000||||xxc||||| f|0| 0 eng|d |
| 020 | |a0-662-65221-5 |
| 040 | |aCaOODSP|beng |
| 041 | |aeng |
| 041 | |afre |
| 043 | |an-cn--- |
| 086 | 1 |aCH44-11/2000 |
| 110 | 1 |aCanada.|bCanadian Heritage. |bCultural Development and Heritage Branch. |
| 245 | 10|aFrom script to screen : |bnew policy directions for Canadian feature film |
| 260 | |aOttawa - Ontario : |bCanadian Heritage. |c2000. |
| 300 | |aEnglish text, 10p. ; |c28 cm. |
| 500 | |a"The Government of Canada is pleased to launch the new Canadian Feature Film Policy. The policy signals a major shift in the federal government's support of Canadian feature films - from building an industry to building audiences."--Page 1. |
| 546 | |aBilingual |
| 563 | |aSoftcover |
| 590 | |a01-03|b2001-01-19 |
| 690 | 07|aFilm industry|2gcpds |
| 690 | 07|aCultural policy|2gcpds |
| 776 | 0#|tFrom script to screen : |w(CaOODSP)9.695768 |
| 776 | 0#|tDu scénario à l'écran : |w(CaOODSP)9.639890 |
| 792 | |tDu scénario à l'écran : |efre|w(CaOODSP)9.662148 |